| 000 | 00522nam a2200229Ia 4500 | ||
|---|---|---|---|
| 003 | IT-RoPAU | ||
| 008 | 120407s9999 xx 000 0 und d | ||
| 040 | _aIT-RoPAU | ||
| 040 | _cIT-RoPAU | ||
| 041 | _aita | ||
| 100 | _aPasquale Galluppi | ||
| 245 | _aKant esposto e criticato nelle lettere filosofiche e nelle lezioni. | ||
| 250 | _aTorino | ||
| 260 | _aSei | ||
| 260 | _c1935 | ||
| 300 | _a139 p. | ||
| 300 | _c19 cm | ||
| 490 | _aLetture di filosofia, 15 | ||
| 490 | _v1 | ||
| 942 | _cBK | ||
| 999 |
_c25511 _d25511 |
||